Normal view
MARC view
- حميدي، فتحي سالم
Entry Personal Name
001 - CONTROL NUMBER
- control field: 60224
003 - CONTROL NUMBER IDENTIFIER
- control field: JO-AjAnu
005 - DATE AND TIME OF LATEST TRANSACTION
- control field: 20230606083838.0
008 - FIXED-LENGTH DATA ELEMENTS
- fixed length control field: 230606|| aca||aabn | a|a d
040 ## - CATALOGING SOURCE
- Original cataloging agency: JO-AjAnu
- Transcribing agency: JO-AjAnu
100 ## - HEADING--PERSONAL NAME
- Personal name: حميدي، فتحي سالم
670 ## - SOURCE DATA FOUND
- Source citation: Work cat.: (JO-AjAnu)30713: حميدي، فتحي سالم, author, اليهود في العصور الاسلامية